| 000 | 01050nam a2200289 i 4500 | ||
|---|---|---|---|
| 003 | EG-GICUC | ||
| 005 | 20260423105000.0 | ||
| 008 | 260423s1863 fr |||fr|||| 00| 0 fre d | ||
| 040 |
_aEG-GiCUC _bfre _cEG-GiCUC _dEG-GiCUC _eRda |
||
| 041 | _afre | ||
| 082 | 0 | 4 |
_221 _a343.3 _bOR . E |
| 092 | 0 | 4 | _221 |
| 099 | _aLaw1 10 343.3 OR . E 1863 | ||
| 100 | 1 |
_aOrtolan, M. _eAuteur |
|
| 245 | 1 | 0 |
_aéléments de droit pénal : _bpénalité --juridictions -- procédure, suivant la science rationnelle, la législation positive, et la jurisprudence, avec les données de nos statistiques criminelles , _nTome Premier _cpar M. Ortolan. |
| 250 | _aTroisieme Edition. | ||
| 264 | 1 |
_aParis : _bH. Plon, _c1863. |
|
| 300 |
_a606 page ; _c 24 cm. |
||
| 336 |
_2rda contenu _a texte |
||
| 337 |
_2rda medias _aOrdinateur |
||
| 338 |
_2 transporteur rda _a Ressource en ligne |
||
| 650 | 1 | 4 |
_aDroit de procédure pénale _2qrmak |
| 651 | 1 | _2qrmak | |
| 856 | 4 | 0 | _uhttps://fll.law.cu.edu.eg/fulltext/bks/B10-11059.pdf |
| 905 | _a161 | ||
| 942 |
_2ddc _cBK _e21 _n0 |
||
| 999 |
_c72975 _d72975 |
||